| 000 | 00677nam a2200253Ia 4500 | ||
|---|---|---|---|
| 001 | 3049 | ||
| 003 | GE_BSU | ||
| 008 | 181216s||||||||xx |||||||||||||| ||und|| | ||
| 020 | _a5862254870 | ||
| 040 | _cGE_BSU | ||
| 080 | _a330.1(075.8) | ||
| 100 | _aЯдгаров, Я.С. | ||
| 245 | _aИстория Экономических учений | ||
| 250 | _a2-е издание | ||
| 260 | _aМосква | ||
| 260 | _bИНФРА-М | ||
| 260 | _c1997 | ||
| 300 | _a288 ст. 21 см. | ||
| 541 | _h8 Л. | ||
| 653 | _aИстория Экономических учений | ||
| 653 | _aЭкономика | ||
| 653 | _aეკონომიკა | ||
| 942 | _cBK | ||
| 999 |
_c37093 _d37093 |
||